UBT Library

Desktop video studio bible / (Record no. 1365)

000 -LEADER
fixed length control field 00610nam a22001817a 4500
008 - FIXED-LENGTH DATA ELEMENTS--GENERAL INFORMATION
fixed length control field 151119b xxu||||| |||| 00| 0 eng d
020 ## - INTERNATIONAL STANDARD BOOK NUMBER
International Standard Book Number 0071406123
041 0# - LANGUAGE CODE
Language code of text/sound track or separate title eng
080 ## - UNIVERSAL DECIMAL CLASSIFICATION NUMBER
Universal Decimal Classification number 621.397
100 1# - Rafti
Rafti Avgerakis, George.
245 10 - TITLE STATEMENT
Title Desktop video studio bible /
Statement of responsibility, etc George Avgerakis.
246 1# - VARYING FORM OF TITLE
Title proper/short title Producing video, DVD, and websites for profit
Display text Subtitle on cover:
260 ## -
-- New York :
-- McGraw-Hill,
-- c2003.
300 ## -
-- xviii, 413 f. :
-- me ill. ;
-- 24 cm.
650 #0 -
-- Video digjitale
-- Përpunimi i të dhënave
650 #0 -
-- Zërimi
-- Inqizimi dhe riprodhimi
-- Teknikat digjitale
942 ## - ADDED ENTRY ELEMENTS (KOHA)
Source of classification or shelving scheme
Item type Books
Holdings
Withdrawn status Lost status Source of classification or shelving scheme Damaged status Not for loan Collection code Permanent location Current location Shelving location Date acquired Total Checkouts Full call number Barcode Date last seen Koha item type
          Koleksioni i përgjithshem UBT - Lipjan UBT - Lipjan Koleksioni i përgjithshem 11/19/2015   621.397 AVG 002-008635 11/19/2015 Books
UBT Library © 2015-2024. All rights reserved University Education for Business and Technology